| 000 | 00449nam a2200157 i 4500 | ||
|---|---|---|---|
| 001 | bg | ||
| 245 | 0 |
_aAparatura badawczo-pomiarowa / _cCentralny Ośrodek Badawczo-Rozwojowy Aparatury Badawczej i dydaktycznej Oddział w Poznaniu. |
|
| 260 |
_aPoznań : _bCORABiD, _c1990. |
||
| 300 |
_a305 s. ; _c24 cm. |
||
| 650 | 9 | _apomiary | |
| 650 | 9 | _aaparatura | |
| 040 | _cBPK | ||
| 041 | _apl | ||
| 942 | _cKA | ||
| 008 | s pl f |000 0 pol | ||
| 999 |
_c10072 _d10072 |
||
| 856 |
_uhttp://koha.tu.koszalin.pl/cgi-bin/koha/opac-detail.pl?biblionumber=10072 _yKatalog online BPK |
||